|
|
|
|
| LEADER |
00929nam a22002892a 4500 |
| 001 |
001464559 |
| 003 |
CZ BrMZK |
| 005 |
20150916124536.0 |
| 007 |
ta |
| 008 |
150403s1952 xr a er|||||||||||cze d |
| 015 |
|
|
|a cnb000507782
|
| 035 |
|
|
|a (OCoLC)85312695
|
| 040 |
|
|
|a ABA001
|b cze
|c OLA001
|d ABA001
|d BOA001
|
| 041 |
1 |
|
|a cze
|h rus
|
| 100 |
1 |
|
|a Ochotnikov, Vadim Dmitrijevič,
|d 1905-1964
|7 xx0051806
|4 aut
|
| 245 |
1 |
0 |
|a Do nitra země /
|c Vadim Ochotnikov ; ilustroval Jan Javorský
|
| 260 |
|
|
|a Praha :
|b Práce,
|c 1952
|
| 300 |
|
|
|a 159 s. :
|b il. ;
|c 21 cm
|
| 490 |
1 |
|
|a Románové novinky ;
|v č. 77
|
| 500 |
|
|
|a Přeloženo z ruštiny
|
| 500 |
|
|
|a 50400 výt.
|
| 700 |
1 |
|
|a Javorský, Jan,
|d 1903-1986
|7 xx0020428
|4 ill
|
| 830 |
|
0 |
|a Románové novinky
|0 s
|
| 910 |
|
|
|a BOA001
|b 2-0302.990
|
| 990 |
|
|
|a BK
|
| 991 |
|
|
|b 201503
|
| 996 |
6 |
|
|b 2619162146
|c 2-0302.990
|l MZK
|r Sklad / do 24 hodin
|n 2
|w 001499587
|u 000010
|a 1
|e BOA001
|j MZK50
|s P
|